[Event "62nd ch-IND 2025"]
[Site "Guntur IND"]
[Date "2025.09.25"]
[Round "5.39"]
[White "Shreyas"]
[Black "Arshpreet Singh"]
[Result "1/2-1/2"]
[WhiteElo "1911"]
[BlackElo "2123"]
[WhiteFideId "33367469"]
[BlackFideId "25902113"]
[EventDate "2025.09.21"]

1. d4 d5 2. Nf3 Nf6 3. g3 e6 4. Bg2 b5 5. O-O Bb7 6. Bg5 Nbd7 7. Nbd2 Be7 8. c3
O-O 9. e3 a5 10. Bxf6 Bxf6 11. a4 b4 12. cxb4 axb4 13. Qc2 c5 14. dxc5 Qe7 15.
Nb3 Rfc8 16. Rfc1 Nxc5 17. Nxc5 Ra5 18. Nxb7 Rxc2 19. Nxa5 Qc7 20. Nb3 Bxb2 21.
Rxc2 Qxc2 22. Nfd4 Qd3 23. Bf1 Qc3 24. Rb1 e5 25. a5 exd4 26. Nxd4 Qa3 27. a6
Bxd4 28. exd4 g6 29. a7 Qxa7 30. Rxb4 Qa1 31. Kg2 Kg7 32. Kg1 g5 33. h3 h5 34.
Kg2 Qc3 35. Ra4 Qe1 36. Kg1 Qd1 37. Rb4 Qa1 38. Kg2 Qc3 39. Ra4 Qb2 40. Kg1 Qb6
41. Kg2 Qc6 42. Ra3 Qb6 43. Rd3 Qb2 44. Kg1 g4 45. hxg4 hxg4 46. Kg2 f5 47. Kg1
Kf6 48. Kg2 Kg5 49. Kg1 Qa1 50. Kg2 Qb2 51. Kg1 Qa1 52. Kg2 f4 53. gxf4+ Kxf4
54. Kg1 Ke4 55. Re3+ Kxd4 56. Kg2 Kc5 57. Kg1 d4 58. Rg3 Qd1 59. Rd3 Qe1 60. Kg2
Kd5 61. Rg3 Qe4+ 62. Kg1 Ke5 63. Bd3 Qe1+ 64. Bf1 Kf4 65. Kg2 Qb1 66. Kg1 Qe4
67. Bd3 Qe6 68. Bf1 Qb6 69. Kg2 Qb1 70. Bd3 Qb7+ 71. Kg1 Qb3 72. Bf1 Qf7 73. Kg2
Qh7 74. Kg1 Ke5 75. Kg2 Kd5 76. Kg1 Kc5 77. Kg2 Qb7+ 78. Kg1 Qe4 79. Bd3 Qa8 80.
Bf1 Kb4 81. Rd3 Qh8 82. Kg2 Kc5 83. Kg1 Qh7 84. Kg2 Qg6 85. Kg1 Kc4 86. Rg3+ Kd5
87. Kg2 Ke5 88. Kg1 Qe6 89. Kg2 Qa2 90. Kg1 Qa1 91. Kg2 Qd1 92. Rd3 Qb1 93. Rg3
Kf4 94. Kg1 Ke4 95. Rxg4+ Kf3 96. Rg3+ Ke4 97. Rg4+ Kf3 98. Rg3+ Kf4 99. Kg2
Qb7+ 100. Kg1 Qe7 101. Kg2 Qh4 102. Kg1 Qh6 103. Kg2 Qh4 104. Kg1 Qxg3+ 105.
fxg3+ Kxg3 106. Ba6 Kf3 107. Kf1 Ke3 108. Ke1 d3 109. Bxd3 Kxd3 1/2-1/2

[Event "62nd ch-IND 2025"]
[Site "Guntur IND"]
[Date "2025.09.25"]
[Round "5.40"]
[White "Sangma, Rahul"]
[Black "Naga Sai Sarthak Karanam"]
[Result "1-0"]
[WhiteTitle "IM"]
[WhiteElo "2122"]
[BlackElo "1948"]
[WhiteFideId "5013615"]
[BlackFideId "25930133"]
[EventDate "2025.09.21"]

1. Nf3 Nf6 2. c4 c6 3. Nc3 d5 4. e3 e6 5. b3 Nbd7 6. Qc2 Be7 7. Bb2 b6 8. d4 Bb7
9. Bd3 Rc8 10. O-O O-O 11. Rfe1 Bd6 12. Rad1 Qe7 13. e4 dxe4 14. Nxe4 Nxe4 15.
Rxe4 Nf6 16. Rh4 h6 17. Re1 Rfd8 18. Rh3 a5 19. Ne5 c5 20. d5 exd5 21. Nf3 Qf8
22. Rxh6 Ne4 23. cxd5 f5 24. Bxe4 fxe4 25. Qxe4 Be7 26. Qh7+ Kf7 27. Ne5+ 1-0

[Event "62nd ch-IND 2025"]
[Site "Guntur IND"]
[Date "2025.09.25"]
[Round "5.41"]
[White "Aarit Kapil"]
[Black "Aaradhya Jain"]
[Result "1/2-1/2"]
[WhiteTitle "CM"]
[WhiteElo "2119"]
[BlackElo "1913"]
[WhiteFideId "33408947"]
[BlackFideId "25786113"]
[EventDate "2025.09.21"]

1. e4 c6 2. d4 d5 3. e5 c5 4. dxc5 e6 5. c3 Bxc5 6. b4 Be7 7. f4 a5 8. b5 Nd7 9.
Nf3 Nh6 10. Bd3 Nc5 11. O-O Nf5 12. Nd4 h5 13. a4 g6 14. Kh1 Bd7 15. Rf3 Rc8 16.
Ba3 Qb6 17. Nd2 Rc7 18. Bc2 O-O 19. Bxf5 exf5 20. N2b3 Rfc8 21. h3 Nxb3 22. Qxb3
Bxa3 23. Rxa3 Rc4 24. Kh2 Be6 25. Qd1 Qc5 26. Qa1 Qc7 27. Rg3 Kh7 28. Rb3 Bd7
29. Rd3 Qc5 30. Kg3 Kg8 31. Qa3 b6 32. Nf3 Be6 33. Qxc5 R8xc5 34. Ra3 Re4 35.
Nd2 Re1 36. Kf2 Rc1 37. Ke3 Re1+ 38. Kf3 Rc7 39. Kf2 Rc1 40. Rf3 Rd1 41. Ke2 Rg1
42. g3 Rc1 43. Kd3 Re1 44. Rf1 Rxf1 45. Nxf1 Rc4 46. Nd2 Rc5 47. Ra1 Kf8 48. Rc1
Ke7 49. Rc2 Kd7 50. Kd4 Kc7 51. Kd3 Kb7 52. c4 Kb8 53. cxd5 Rxc2 54. Kxc2 Bxd5
55. Kc3 Kc7 56. Kd4 Ba2 57. Kc3 Bd5 58. Nc4 Be6 59. Kd4 Kb7 60. Nd2 Kc7 61. Nc4
Kb7 62. Kc3 Kc7 63. Ne3 Kb7 64. Nc4 Kc7 65. Nd6 Kd7 66. Kc2 Kc7 67. Kb2 Kd7 68.
Kc3 Kc7 69. Ne8+ Kd8 70. Nf6 Kc7 71. Kd4 Bb3 72. Nd5+ Kb7 73. Nc3 Kc7 74. Kd3
Kb7 75. Kd2 Kc7 76. Kc1 Kb7 77. Kb2 Be6 78. Nb1 Kc7 79. Kc3 Kb7 80. Nd2 Kc7 81.
Kd4 Kb7 82. Kd3 Kc7 83. Kc3 1/2-1/2

[Event "62nd ch-IND 2025"]
[Site "Guntur IND"]
[Date "2025.09.25"]
[Round "5.42"]
[White "Gaikwad Manas"]
[Black "Andabatla Satvik"]
[Result "1-0"]
[WhiteElo "2112"]
[BlackElo "1880"]
[WhiteFideId "25912410"]
[BlackFideId "25119923"]
[EventDate "2025.09.21"]

1. e4 c5 2. Nf3 d6 3. d4 cxd4 4. Nxd4 Nf6 5. Nc3 a6 6. Bg5 e6 7. f4 Be7 8. Qf3
Qc7 9. O-O-O Nbd7 10. Bd3 h6 11. Qh3 Nc5 12. Rhe1 Rg8 13. Bxf6 Bxf6 14. Qe3 Bd7
15. Kb1 g5 16. fxg5 hxg5 17. Rf1 Be5 18. Be2 g4 19. Qh6 Bc6 20. Qe3 Rc8 21. h3
gxh3 22. Bh5 hxg2 23. Rxf7 Qxf7 24. Bxf7+ Kxf7 25. Rg1 Ke7 26. Nxc6+ bxc6 27.
Qe2 Rb8 28. Nd1 Rb4 29. Rxg2 Rxg2 30. Qxg2 Nxe4 31. a3 Rd4 32. Nf2 Nxf2 33. Qxf2
a5 34. c3 Rd5 35. Qb6 Rc5 36. a4 Kf6 37. b4 Rxc3 38. bxa5 Rc4 39. Qb3 d5 40. a6
Bd4 41. Ka2 e5 42. Qf3+ Kg5 43. Kb3 e4 44. Qf7 e3 45. a7 Bxa7 46. Qxa7 Re4 47.
a5 e2 48. Qg1+ Kf4 49. Qe1 Kf3 50. a6 Rd4 51. a7 Rd1 52. Qc3+ Kf2 53. a8=Q e1=Q
54. Qf8+ Kg1 55. Qfg7+ Kf1 56. Qf3+ 1-0

[Event "62nd ch-IND 2025"]
[Site "Guntur IND"]
[Date "2025.09.25"]
[Round "5.43"]
[White "Karthik, Gopal G"]
[Black "Alluri Bhaskara Ratna Shanmukha Reddy"]
[Result "0-1"]
[WhiteElo "1760"]
[BlackElo "2097"]
[WhiteFideId "35031686"]
[BlackFideId "33325855"]
[EventDate "2025.09.21"]

1. e4 c5 2. Nf3 Nc6 3. d4 cxd4 4. Nxd4 g6 5. c4 Nf6 6. Nc3 Nxd4 7. Qxd4 d6 8.
Be3 Bg7 9. f3 O-O 10. Qd2 Be6 11. Rc1 Qa5 12. b3 Rfc8 13. Be2 Nd7 14. O-O a6 15.
f4 Nc5 16. f5 Bxc3 17. Qxc3 Qxc3 18. Rxc3 Bd7 19. Bxc5 Rxc5 20. f6 exf6 21. Rxf6
Be6 22. Rd3 Kf8 23. Rf1 Ke7 24. Rfd1 Rd8 25. Rd4 f6 26. b4 Rc6 27. a3 Rdc8 28.
b5 axb5 29. cxb5 Rc2 30. Bf1 Bg4 31. R1d2 Rxd2 32. Rxd2 Rc1 33. Kf2 Ra1 34. Rd3
Ra2+ 35. Ke3 Ra1 36. Kf2 Ra2+ 37. Ke3 Rc2 38. a4 Ra2 39. Rd4 Be6 40. Rb4 b6 41.
h3 Kd7 42. Be2 Ra3+ 43. Kd2 Bb3 44. Kc3 Bd1+ 45. Kd2 Rxa4 46. Rxa4 Bxa4 47. Bc4
d5 48. exd5 Kd6 49. Kc3 Kc5 50. d6 Kxd6 51. Kd4 Bc2 52. h4 Bf5 53. Be2 g5 54. g3
h6 55. Bf1 Bg4 56. Bd3 Bf3 57. Ke3 Bg2 58. Kd4 Ke6 59. Bg6 f5 60. hxg5 hxg5 61.
Be8 Bf1 62. Bc6 f4 63. gxf4 gxf4 64. Bf3 Bxb5 65. Bg4+ Kf6 66. Ke4 Kg5 67. Bd1
Bc6+ 68. Kd4 Kh4 69. Ke5 f3 70. Kd6 f2 71. Be2 b5 72. Kc5 Kg3 73. Kd4 Kg2 74.
Bf3+ 0-1

[Event "62nd ch-IND 2025"]
[Site "Guntur IND"]
[Date "2025.09.26"]
[Round "6.1"]
[White "Sasikiran, Krishnan"]
[Black "Aronyak, Ghosh"]
[Result "1/2-1/2"]
[WhiteTitle "GM"]
[BlackTitle "IM"]
[WhiteElo "2524"]
[BlackElo "2514"]
[WhiteFideId "5004985"]
[BlackFideId "25072846"]
[EventDate "2025.09.21"]

1. d4 d5 2. c4 c6 3. Nf3 Nf6 4. e3 Bf5 5. Nc3 e6 6. Nh4 Bg6 7. Nxg6 hxg6 8. g3
Nbd7 9. Qb3 Qb6 10. Bg2 Qa6 11. Bf1 Qb6 12. Bd2 a5 13. Qc2 Bb4 14. cxd5 exd5 15.
Bg2 O-O 16. O-O Rfe8 17. Rfc1 Qd8 18. Rab1 Nb6 19. Re1 Nc4 20. Bc1 Qd7 21. Re2
Re7 22. b3 Na3 23. Bxa3 Bxa3 24. Na4 Qf5 25. Nb2 Bd6 26. Qxf5 gxf5 27. Nd3 g5
28. Rc2 f4 29. exf4 gxf4 30. Bf3 fxg3 31. hxg3 1/2-1/2

[Event "62nd ch-IND 2025"]
[Site "Guntur IND"]
[Date "2025.09.26"]
[Round "6.2"]
[White "Ganguly, Surya Shekhar"]
[Black "Ravi, Teja S."]
[Result "1/2-1/2"]
[WhiteTitle "GM"]
[BlackTitle "IM"]
[WhiteElo "2573"]
[BlackElo "2410"]
[WhiteFideId "5002150"]
[BlackFideId "5017220"]
[EventDate "2025.09.21"]

1. d4 d5 2. c4 e6 3. Nc3 Nf6 4. cxd5 exd5 5. Bg5 c6 6. e3 Be7 7. Bd3 h6 8. Bh4
O-O 9. Bg3 Re8 10. Nf3 Bg4 11. h3 Bxf3 12. Qxf3 Nbd7 13. O-O Nf8 14. Be5 N6d7
15. Qg4 Nxe5 16. dxe5 Bc5 17. Na4 Bb6 18. f4 f6 19. Nxb6 axb6 20. Rf3 Qd7 21.
exf6 Qxg4 22. hxg4 gxf6 23. a3 Ne6 24. b4 b5 25. Kf2 Kg7 26. Bf5 Re7 27. Rh3 Nd8
28. e4 dxe4 29. Re1 Nf7 30. Rxe4 Rxe4 31. Bxe4 Nd6 32. Bf5 Rd8 33. Rd3 Kf7 34.
Kf3 Ke7 35. Re3+ Kf8 36. Be6 Re8 37. f5 Nf7 38. Kf4 Ne5 39. Rxe5 fxe5+ 40. Kxe5
Kg7 41. Kd6 Kf6 42. Kc7 Ke7 43. Bd7 Rf8 44. g3 Rf6 45. Be6 Rf8 46. Bd7 Ra8 47.
f6+ Kxf6 48. Kxb7 Rxa3 49. Kxc6 Rd3 50. Be8 Rd4 51. g5+ hxg5 52. Kxb5 Rg4 53.
Kc5 Ke7 54. Bc6 Rxg3 55. Kd4 Kd6 56. b5 Rb3 57. Ke4 Rb4+ 58. Kf3 Ke6 59. Kg3 Kf6
60. Bd7 Rc4 61. Kf3 Rd4 62. Bc8 Rb4 63. Bd7 Rd4 64. Bc8 Rc4 65. Bd7 Rd4 1/2-1/2

[Event "62nd ch-IND 2025"]
[Site "Guntur IND"]
[Date "2025.09.26"]
[Round "6.3"]
[White "Audi, Ameya"]
[Black "Gupta, Abhijeet"]
[Result "0-1"]
[WhiteTitle "IM"]
[BlackTitle "GM"]
[WhiteElo "2430"]
[BlackElo "2511"]
[WhiteFideId "25034430"]
[BlackFideId "5010608"]
[EventDate "2025.09.21"]

1. e4 c5 2. Nf3 d6 3. d4 cxd4 4. Nxd4 Nf6 5. Nc3 a6 6. h3 e5 7. Nb3 Be6 8. f4
Nc6 9. f5 Bxb3 10. axb3 d5 11. exd5 Nb4 12. g3 Rc8 13. Bg2 Qb6 14. Ke2 Nh5 15.
Be3 Bc5 16. Na4 Nxg3+ 17. Kf3 Qf6 18. Nxc5 Nxf5 19. Ne4 Qg6 20. Rh2 Nxe3 21.
Kxe3 Nxc2+ 22. Ke2 Nxa1 23. Qxa1 Rc2+ 24. Kf1 Qh6 25. Qa4+ b5 26. Qb4 Qf4+ 0-1

[Event "62nd ch-IND 2025"]
[Site "Guntur IND"]
[Date "2025.09.26"]
[Round "6.4"]
[White "Deepan, Chakkravarthy J."]
[Black "Lalit Babu M R"]
[Result "1/2-1/2"]
[WhiteTitle "GM"]
[BlackTitle "GM"]
[WhiteElo "2407"]
[BlackElo "2502"]
[WhiteFideId "5011132"]
[BlackFideId "5024595"]
[EventDate "2025.09.21"]

1. e4 e5 2. Nc3 Nc6 3. g3 Bc5 4. Bg2 a6 5. d3 d6 6. Nge2 Be6 7. Nd5 Nd4 8. c3
Nxe2 9. Qxe2 Ne7 10. Be3 O-O 11. O-O Nxd5 12. exd5 Bf5 13. b4 Bxe3 14. fxe3 Bd7
15. a4 Qe8 16. a5 Rc8 17. c4 f5 18. Rf2 Qe7 19. Raf1 Rf6 20. e4 Rcf8 21. exf5
Bxf5 22. d4 e4 23. Qe3 c6 24. g4 Bg6 25. Rxf6 gxf6 26. dxc6 bxc6 27. h4 d5 28.
c5 Qb7 29. Rb1 f5 30. Qg5 fxg4 31. h5 Rf5 32. Qd8+ Rf8 33. Qg5 Rf5 34. Qd8+ Rf8
35. Qg5 1/2-1/2

[Event "62nd ch-IND 2025"]
[Site "Guntur IND"]
[Date "2025.09.26"]
[Round "6.5"]
[White "Aaditya, Dhingra"]
[Black "Ajay Santhosh Parvathareddy"]
[Result "0-1"]
[WhiteTitle "IM"]
[BlackTitle "FM"]
[WhiteElo "2391"]
[BlackElo "2482"]
[WhiteFideId "25678191"]
[BlackFideId "25998676"]
[EventDate "2025.09.21"]

1. e4 d6 2. d4 Nf6 3. Nc3 e5 4. Nf3 Nbd7 5. a4 c6 6. Be2 Be7 7. O-O O-O 8. Re1
Qc7 9. h3 Re8 10. Be3 Nf8 11. Qd2 h6 12. Bc4 Be6 13. Bxe6 Nxe6 14. a5 b5 15. d5
Nf8 16. dxc6 Qxc6 17. Qd3 a6 18. Nh4 Nxe4 19. Qxe4 Qxe4 20. Nxe4 d5 21. Nf5 dxe4
22. Bd2 Rac8 23. Rxe4 Rxc2 24. Rxe5 Ng6 25. Nxe7+ Rxe7 26. Rxe7 Nxe7 27. Re1
Rxb2 28. Rxe7 Rxd2 29. Re8+ Kh7 30. Ra8 Rd1+ 31. Kh2 Rd6 32. Rb8 Rf6 33. Rb6 h5
34. Kg3 Kg6 35. f4 Kf5 36. Kf3 h4 37. Rb7 Ke6 38. Ke4 Kd6 39. f5 Kc5 40. Ke5 Kb4
41. Rb8 Kxa5 42. Rg8 b4 43. Rxg7 Rb6 44. Kd4 0-1

[Event "62nd ch-IND 2025"]
[Site "Guntur IND"]
[Date "2025.09.26"]
[Round "6.6"]
[White "Ayush, Sharma"]
[Black "Sidhant, Mohapatra"]
[Result "1/2-1/2"]
[WhiteTitle "IM"]
[BlackTitle "IM"]
[WhiteElo "2457"]
[BlackElo "2384"]
[WhiteFideId "45010943"]
[BlackFideId "5028698"]
[EventDate "2025.09.21"]

1. e4 e5 2. Nf3 Nc6 3. d4 exd4 4. Nxd4 Nf6 5. Nxc6 bxc6 6. e5 Qe7 7. Qe2 Nd5 8.
b3 Qe6 9. c4 Bb4+ 10. Nd2 Nf4 11. Qe3 Ng6 12. Bb2 O-O 13. O-O-O d6 14. exd6 Qxe3
15. fxe3 cxd6 16. Ne4 d5 17. cxd5 cxd5 18. Rxd5 Bb7 19. Rd4 a5 20. Bc4 Rfe8 21.
Nd6 Bxd6 22. Rxd6 Bxg2 23. Rg1 Bh3 24. Rgxg6 hxg6 25. Rxg6 Be6 26. Rxg7+ Kf8 27.
Rg5 Rec8 28. Ba3+ Ke8 29. Kd2 Bxc4 30. bxc4 Ra6 1/2-1/2

[Event "62nd ch-IND 2025"]
[Site "Guntur IND"]
[Date "2025.09.26"]
[Round "6.7"]
[White "Sharnarthi Viresh"]
[Black "Iniyan, Pa"]
[Result "0-1"]
[BlackTitle "GM"]
[WhiteElo "2281"]
[BlackElo "2599"]
[WhiteFideId "25978055"]
[BlackFideId "25002767"]
[EventDate "2025.09.21"]

1. d4 d5 2. Nf3 c5 3. g3 cxd4 4. Nxd4 e5 5. Nb3 Nc6 6. Bg2 Be6 7. O-O h6 8. e4
Nf6 9. exd5 Nxd5 10. Qe2 Qc7 11. f4 Nb6 12. Bxc6+ Qxc6 13. f5 Bc4 14. Qxe5+ Be7
15. Re1 O-O-O 16. Bf4 Bd6 17. Qa5 Bxf4 18. gxf4 Rd5 19. Qc3 Rxf5 20. Qxg7 Rd8
21. Nd4 Qc5 22. c3 Rxf4 23. Re5 0-1

[Event "62nd ch-IND 2025"]
[Site "Guntur IND"]
[Date "2025.09.26"]
[Round "6.8"]
[White "Sriansh Das"]
[Black "Sethuraman, S.P."]
[Result "0-1"]
[WhiteTitle "FM"]
[BlackTitle "GM"]
[WhiteElo "2245"]
[BlackElo "2572"]
[WhiteFideId "45030081"]
[BlackFideId "5021596"]
[EventDate "2025.09.21"]

1. e4 g6 2. d4 Bg7 3. Nc3 d6 4. Be3 a6 5. g4 b5 6. Bg2 c6 7. h4 h6 8. Bf3 Nd7 9.
Nge2 Nb6 10. b3 Qc7 11. Rc1 Bb7 12. Nb1 c5 13. c3 Nf6 14. Ng3 Nfd7 15. O-O e5
16. d5 Nf6 17. Kg2 c4 18. Na3 Nfd7 19. bxc4 Nxc4 20. Nxc4 Qxc4 21. Be2 Qc7 22.
c4 Qd8 23. cxb5 axb5 24. Bxb5 O-O 25. a4 Nc5 26. Rxc5 dxc5 27. Bxc5 Qxh4 28.
Bxf8 Bxf8 29. Bc6 Ra7 30. Bxb7 Rxb7 31. Qe2 Qd8 32. Rd1 Qa5 33. Qc2 Qb4 34. Ra1
Ra7 35. Ra2 Kg7 36. Ne2 Bd6 37. f3 Rc7 38. Qd2 Qb3 39. a5 Bb4 40. Rb2 Bxd2 41.
Rxb3 Bxa5 42. Rb5 Be1 43. Rb1 Bd2 44. Rb2 Bg5 45. Kf2 Be7 46. Ke3 Ra7 47. Rc2
Kf6 48. Rc6+ Kg7 49. Nc1 Bg5+ 50. Ke2 h5 51. gxh5 gxh5 52. Nd3 Ra2+ 53. Kf1 h4
54. Nxe5 h3 55. Ng4 Bf4 56. Rb6 h2 57. Nxh2 Rxh2 58. Ra6 Bg3 59. Ra3 Rd2 60. Re3
Kf6 61. Ra3 Ke5 62. Kg1 Kf4 63. Rb3 f6 64. Rc3 Bf2+ 65. Kf1 Bd4 66. Rb3 Rf2+ 67.
Ke1 Rxf3 68. Rb7 Be5 69. Re7 0-1

[Event "62nd ch-IND 2025"]
[Site "Guntur IND"]
[Date "2025.09.26"]
[Round "6.9"]
[White "Rohith, Krishna S"]
[Black "Mahitosh, Dey"]
[Result "1/2-1/2"]
[WhiteTitle "IM"]
[BlackTitle "FM"]
[WhiteElo "2503"]
[BlackElo "2233"]
[WhiteFideId "46617051"]
[BlackFideId "25091468"]
[EventDate "2025.09.21"]

1. d4 Nf6 2. c4 e6 3. Nf3 b6 4. g3 Bb7 5. Bg2 Bb4+ 6. Nbd2 O-O 7. O-O d5 8. Ne5
Nbd7 9. cxd5 exd5 10. Ndf3 Be7 11. Bf4 Nxe5 12. Nxe5 Nd7 13. Rc1 Nxe5 14. Bxe5
Bd6 15. Bxd6 Qxd6 16. Qc2 c6 17. e3 Rfc8 18. Qb3 Rc7 19. Rfd1 Bc8 20. Rd3 Be6
21. Rdc3 Rac8 22. Bf1 g6 23. Ba6 Rb8 24. Bd3 Rbc8 25. h4 Kg7 26. Ba6 Rb8 27. Bd3
Rbc8 28. Qa4 Bd7 29. Bf1 Rb8 30. b4 Rbc8 31. Qb3 Rb8 32. a3 Rcc8 33. Qc2 Rc7 34.
Qd1 h5 35. Bg2 Rbc8 36. Qb3 Be6 37. a4 Rb8 38. Qa3 a5 39. bxa5 Qxa3 40. Rxa3
bxa5 41. Bf3 Rb6 42. Rac3 Rb4 43. Rxc6 Rxc6 44. Rxc6 Rxa4 45. Rc5 Ra1+ 46. Kg2
a4 47. Bxd5 Bxd5+ 48. Rxd5 a3 49. Rd6 f6 50. Kf3 g5 51. Ra6 g4+ 52. Ke4 Ra2 53.
Kd5 Rxf2 54. Rxa3 Kf7 55. Ra7+ Kg6 56. Ke6 Rb2 57. Ra3 Rb6+ 58. Kd5 Rb8 59. Ke4
Re8+ 60. Kd3 Rc8 61. e4 Rc1 62. d5 Kf7 63. Ra7+ Ke8 64. Kd4 Rg1 65. d6 Rxg3 66.
Kd5 Re3 67. Rh7 g3 68. d7+ Kd8 69. Kd6 Rd3+ 70. Ke6 Kc7 71. Rg7 Rd6+ 72. Kf5 g2
73. Rxg2 Kxd7 74. Rg7+ Ke8 75. Rh7 Kf8 76. Ra7 Rb6 77. Rh7 Kg8 78. Rh6 Kg7 79.
Rg6+ Kf7 80. e5 Rb4 81. e6+ Ke7 82. Rg7+ Ke8 83. Kxf6 Rf4+ 84. Kg5 Rg4+ 85. Kf6
Rf4+ 86. Ke5 Rxh4 87. e7 Rh1 88. Rh7 Re1+ 89. Kd6 Rd1+ 90. Ke6 Re1+ 91. Kf6 Rf1+
92. Kg5 Rf7 93. Rxf7 Kxf7 94. Kxh5 Kxe7 1/2-1/2

[Event "62nd ch-IND 2025"]
[Site "Guntur IND"]
[Date "2025.09.26"]
[Round "6.10"]
[White "Sengupta, Deep"]
[Black "Navalgund, Niranjan"]
[Result "1-0"]
[WhiteTitle "GM"]
[BlackTitle "FM"]
[WhiteElo "2490"]
[BlackElo "2185"]
[WhiteFideId "5008352"]
[BlackFideId "5030854"]
[EventDate "2025.09.21"]

1. d4 d5 2. Bf4 Nf6 3. e3 Bf5 4. Bd3 e6 5. Bxf5 exf5 6. Qd3 g6 7. Qb5+ Nbd7 8.
Nc3 a6 9. Qxb7 Rb8 10. Qxa6 Rxb2 11. Nge2 Be7 12. O-O O-O 13. Rab1 Rb6 14. Rxb6
cxb6 15. Rb1 Qa8 16. Qxa8 Rxa8 17. f3 h5 18. Bg5 Bd8 19. Rb5 Rc8 20. Kf1 Kg7 21.
Ke1 Rc6 22. Kd2 Bc7 23. Bf4 Bd8 24. Nxd5 Ne8 25. Kd3 g5 26. Bg3 h4 27. Be1 Nd6
28. Rb1 Nc4 29. Bb4 Nf6 30. Nec3 Ng8 31. Nb5 Na5 32. Bxa5 bxa5 33. c4 g4 34. f4
h3 35. g3 Nh6 36. c5 Kg6 37. Nd6 Kg7 38. Rb8 Bh4 39. gxh4 g3 40. hxg3 h2 41. Rb1
Ng4 42. Ke2 1-0

[Event "62nd ch-IND 2025"]
[Site "Guntur IND"]
[Date "2025.09.26"]
[Round "6.11"]
[White "Srihari, L R"]
[Black "Esshan Wadhawan"]
[Result "1/2-1/2"]
[WhiteTitle "GM"]
[WhiteElo "2481"]
[BlackElo "2207"]
[WhiteFideId "46617116"]
[BlackFideId "45062056"]
[EventDate "2025.09.21"]

1. d4 Nf6 2. c4 e6 3. Nf3 Bb4+ 4. Nbd2 b6 5. a3 Bxd2+ 6. Qxd2 Bb7 7. e3 d6 8.
Be2 Nbd7 9. b4 a5 10. b5 Qe7 11. a4 e5 12. Ba3 O-O-O 13. O-O Ne4 14. Qc2 Kb8 15.
Rfe1 h5 16. Bd3 f5 17. Nxe5 Nxe5 18. dxe5 Qxe5 19. f3 Nc5 20. Bb2 Qe7 21. Bxf5
Rhf8 22. e4 Qf7 23. Rad1 g6 24. Bh3 g5 25. Bf5 g4 26. fxg4 hxg4 27. Rf1 Qh5 28.
Bd4 Rde8 29. Bxc5 dxc5 30. Qd3 Rg8 31. Qg3 Re7 32. Rf4 Qf7 33. Qc3 Qh5 34. Rdf1
Ka7 35. R1f2 g3 36. hxg3 Qd1+ 37. Rf1 Qxa4 38. Rb1 Qa2 39. Ra1 Rxg3 40. Qxg3
Qxa1+ 41. Kh2 Re8 42. Rh4 Re7 1/2-1/2

[Event "62nd ch-IND 2025"]
[Site "Guntur IND"]
[Date "2025.09.26"]
[Round "6.12"]
[White "Bhoir Paras Dilip"]
[Black "Prraneeth, Vuppala"]
[Result "1/2-1/2"]
[BlackTitle "GM"]
[WhiteElo "2219"]
[BlackElo "2475"]
[WhiteFideId "25763695"]
[BlackFideId "46622373"]
[EventDate "2025.09.21"]

1. e4 e5 2. Nf3 Nc6 3. Bb5 a6 4. Ba4 d6 5. O-O Bd7 6. c3 g6 7. d4 Bg7 8. h3 Nge7
9. Be3 O-O 10. Re1 Qe8 11. Bb3 Kh8 12. Nbd2 b6 13. Nf1 a5 14. Qd2 a4 15. Bc2 f6
16. Bh6 Bxh6 17. Qxh6 g5 18. Ng3 Ng8 19. Qh5 Qxh5 20. Nxh5 g4 21. hxg4 Bxg4 22.
Ng3 Bxf3 23. gxf3 exd4 24. a3 dxc3 25. bxc3 Nge7 26. f4 Ng6 27. Nh5 Ra5 28. f5
Nge5 29. Re3 Rg8+ 30. Kf1 Nd7 31. Ke2 Rb5 32. Rh1 Rb2 33. Kd1 Nce5 34. Kc1 Ra2
35. Kb1 Rxa3 36. Reh3 Nc4 37. Nf4 Rg7 38. Ne6 Rf7 39. Rg3 Nde5 40. Rd1 h5 41. f4
Ng4 42. Rh1 Nd2+ 43. Kb2 Nc4+ 44. Kb1 Rh7 45. Nf8 Nd2+ 46. Kb2 Nc4+ 47. Kb1 Nd2+ 1/2-1/2

[Event "62nd ch-IND 2025"]
[Site "Guntur IND"]
[Date "2025.09.26"]
[Round "6.13"]
[White "Harsh, Suresh"]
[Black "Sangma, Rahul"]
[Result "1-0"]
[WhiteTitle "IM"]
[BlackTitle "IM"]
[WhiteElo "2443"]
[BlackElo "2122"]
[WhiteFideId "45018464"]
[BlackFideId "5013615"]
[EventDate "2025.09.21"]

1. e4 e5 2. Nf3 Nc6 3. d4 exd4 4. Bc4 Bc5 5. Ng5 Nh6 6. Nxf7 Nxf7 7. Bxf7+ Kxf7
8. Qh5+ g6 9. Qxc5 d5 10. O-O dxe4 11. c3 Re8 12. cxd4 Qxd4 13. Qg5 Ne5 14. Bd2
Bf5 15. Bc3 Qd6 16. h3 Kg8 17. Na3 a6 18. Rad1 Qe7 19. Qg3 Nf7 20. Nc4 Qg5 21.
Qh2 Be6 22. Ne3 c6 23. Kh1 h5 24. b3 a5 25. Qc7 Re7 26. Qb6 Nh6 27. Rd8+ Rxd8
28. Qxd8+ Kf7 29. Rd1 Nf5 30. Qh8 Rd7 31. Qh7+ Ke8 32. Rxd7 Bxd7 33. Qg8+ Ke7
34. Bxa5 Ng3+ 35. fxg3 Qxa5 36. Qg7+ Kd8 37. Qf6+ Kc8 38. Nc4 Qc5 39. Nd6+ Kc7
40. Nxe4 Qf5 41. Qd6+ Kb6 42. Qb4+ Kc7 43. a4 Be6 44. Kh2 Bd5 45. Nc3 Qd3 46. a5
Kc8 47. Na4 Qe4 48. Nb6+ Kc7 49. Qd2 h4 50. gxh4 Kd6 51. b4 Qxh4 52. b5 Kc5 53.
Nxd5 cxd5 54. a6 bxa6 55. bxa6 Qa4 56. Qe3+ d4 57. Qe7+ Kc4 58. Qc7+ Kd5 1-0

[Event "62nd ch-IND 2025"]
[Site "Guntur IND"]
[Date "2025.09.26"]
[Round "6.14"]
[White "Haridev S"]
[Black "Goutham Krishna H"]
[Result "0-1"]
[BlackTitle "IM"]
[WhiteElo "2147"]
[BlackElo "2418"]
[WhiteFideId "25957180"]
[BlackFideId "25983504"]
[EventDate "2025.09.21"]

1. e4 e6 2. d4 d5 3. Nc3 Nf6 4. Bg5 dxe4 5. Nxe4 Nbd7 6. Nf3 h6 7. Nxf6+ Nxf6 8.
Bxf6 Qxf6 9. Bb5+ c6 10. Bd3 Bd6 11. Qe2 Bd7 12. O-O-O O-O-O 13. Kb1 Kb8 14. Ne5
Bc8 15. f4 Rhf8 16. Rhf1 c5 17. dxc5 Bxc5 18. Be4 a6 19. g3 Qe7 20. Bg2 Qc7 21.
a3 f6 22. Nd3 Bb6 23. Qf3 Ka7 24. Nb4 Bc5 25. Rxd8 Rxd8 26. Rd1 Rxd1+ 27. Qxd1
Qb6 28. c3 a5 29. Nc2 g5 30. Qe2 gxf4 31. gxf4 Bd6 32. Qf1 Kb8 33. h3 f5 34. Nd4
Bxa3 35. Qe2 Bc5 36. Qe5+ Qd6 37. Qe3 Bb6 38. Kc2 Bd7 39. Bf3 a4 40. Bg2 Kc7 41.
Bf3 Bxd4 42. cxd4 Bc6 43. Bd1 Be4+ 44. Kd2 b5 45. Qc3+ Kb6 46. Ke3 Qc6 47. Qb4
Qc1+ 48. Ke2 Kc6 49. Qa3 Qc4+ 50. Ke3 Kd5 51. Qe7 Qxd4+ 52. Ke2 Qxb2+ 53. Ke1
Qc3+ 54. Kf2 Qc5+ 0-1

[Event "62nd ch-IND 2025"]
[Site "Guntur IND"]
[Date "2025.09.26"]
[Round "6.15"]
[White "Soham, Kamotra"]
[Black "Gaikwad Manas"]
[Result "1/2-1/2"]
[WhiteTitle "IM"]
[WhiteElo "2414"]
[BlackElo "2112"]
[WhiteFideId "46647490"]
[BlackFideId "25912410"]
[EventDate "2025.09.21"]

1. g3 Nf6 2. Bg2 g6 3. c4 Bg7 4. Nf3 O-O 5. O-O d6 6. Nc3 Nc6 7. d3 e5 8. Rb1 a5
9. b3 h6 10. h3 Be6 11. e4 Ne8 12. Kh2 Rb8 13. Nd5 Nd4 14. Nxd4 exd4 15. Nf4 Bd7
16. Bd2 c6 17. Qc1 b5 18. c5 dxc5 19. Qxc5 b4 20. a4 Qb6 21. Rfc1 Nc7 22. h4
Rfd8 23. Bh3 Be8 24. Qc4 Qa6 25. Qc2 Bf8 26. Re1 c5 27. Qd1 Bd7 28. Bxd7 Rxd7
29. Qg4 Rbd8 30. Rbd1 Ne6 31. Nd5 Rxd5 32. exd5 Rxd5 33. Re2 Bg7 34. Bc1 h5 35.
Qh3 Rf5 36. Qg2 c4 37. bxc4 Nc5 38. Bf4 Nxa4 39. Re8+ Kh7 40. Ra8 Qb6 41. Rb8
Qf6 42. Re1 Nc5 43. Ree8 Ne6 44. Bg5 Nxg5 45. hxg5 Qxg5 46. f4 Qf6 47. Rbc8 Qd6
48. Red8 Qf6 49. Re8 Qd6 50. Red8 Qf6 1/2-1/2